Konkurencieschopnosť slovenského priemyslu v porovnaní s vybranými krajinami EÚ

Slovensko patrí v oblasti inovácií a aplikovania výsledkov vedy a výskumu k menej rozvinutým krajinám EÚ. Za slabú inovačnú výkonnosť, ktorá sa prejavuje nízkou konkurencieschopnosťou môžeme pokladať dlhý proces ekonomickej a sociálnej transformácie a tiež neefektívne fungovanie inovačného systému....

ver descrição completa

Na minha lista:
Detalhes bibliográficos
Autor principal: Havettová, Miroslava
Formato: Capítulo de Livro
Idioma:eslovaco
Assuntos:
Tags: Adicionar Tag
Sem tags, seja o primeiro a adicionar uma tag!

MARC

LEADER 00000nla$a2200000$$$4500
001 0108366
005 20240502072209.2
041 0 |a slo 
044 |a SK 
245 1 0 |a Konkurencieschopnosť slovenského priemyslu v porovnaní s vybranými krajinami EÚ  |c Miroslava Havettová 
520 |a Slovensko patrí v oblasti inovácií a aplikovania výsledkov vedy a výskumu k menej rozvinutým krajinám EÚ. Za slabú inovačnú výkonnosť, ktorá sa prejavuje nízkou konkurencieschopnosťou môžeme pokladať dlhý proces ekonomickej a sociálnej transformácie a tiež neefektívne fungovanie inovačného systému. Bez reálneho systémového prístupu k riešeniu a podporovaniu vedy a výskumu nebude Slovensko schopné napredovať, a ani konvergovať k stavu vedy a výskumu vo vyspelých ekonomikách v rámci EÚ ani sveta. 
610 2 0 |a výkonnosť ekonomiky 
610 2 0 |a rast hospodársky 
610 2 0 |a Slovensko 
610 2 0 |a Európska únia 
610 2 0 |a kvalita 
610 2 0 |a inovácia 
610 2 0 |a priemysel 
610 2 0 |a hodnota pridaná 
610 2 0 |a konkurencieschopnosť 
610 2 0 |a financovanie vedy 
100 1 |a Havettová, Miroslava